00474nam a2200193Ia 4500003000400000005001700004008004100021020001800062040000700080041000800087082002300095100002300118245003800141260004400179300001600223365001300239650001400252650001400266OSt20230426164304.0210423s2010 xx 000 0 und d a9780199591640 cAL aeng a330.156 223bSKIR aSKIDELSKY (Robert) aKeynes: a very short introduction aNew YorkbOxford University Pressc2010 axiv,193bPB b165cINR aEconomics aEconomics